书目信息 |
| 题名: |
新编外贸单证实训教程
|
|
| 作者: | 朱春兰 , 佘雪锋 主编 | |
| 分册: | ||
| 出版信息: | 杭州 浙江大学出版社 2020.12 |
|
| 页数: | 226页 | |
| 开本: | 26cm | |
| 丛书名: | ||
| 单 册: | ||
| 中图分类: | F740.44 | |
| 科图分类: | ||
| 主题词: | 进出口贸易--jin chu kou mao yi--原始凭证--高等学校--教材 | |
| 电子资源: | ||
| ISBN: | 978-7-308-19427-3 | |
| 000 | 01026nam0 2200265 450 | |
| 001 | 2159501764 | |
| 005 | 20211011172912.0 | |
| 010 | @a978-7-308-19427-3@dCNY45.00 | |
| 100 | @a20210524d2020 em y0chiy0120 ea | |
| 101 | 0 | @achi@aeng |
| 102 | @aCN@b330000 | |
| 105 | @ay z 000yy | |
| 106 | @ar | |
| 200 | 1 | @a新编外贸单证实训教程@Axin bian wai mao dan zheng shi xun jiao cheng@dDocuments practice for foreign trade@f朱春兰,佘雪锋主编@zeng |
| 210 | @a杭州@c浙江大学出版社@d2020.12 | |
| 215 | @a226页@d26cm | |
| 300 | @a浙江省普通高校“十三五”新形态教材 国际贸易系列教材 | |
| 330 | @a本书分为两个模块,内容包括:信用证条款分析、信用证审核与修改、商业发票填制、装箱单填制、保险单据填制、原产地证书填制等。 | |
| 510 | 1 | @aDocuments practice for foreign trade@zeng |
| 606 | 0 | @a进出口贸易@Ajin chu kou mao yi@x原始凭证@x高等学校@j教材 |
| 690 | @aF740.44@v5 | |
| 701 | 0 | @a朱春兰@Azhu chun lan@4主编 |
| 701 | 0 | @a佘雪锋@Ashe xue feng@4主编 |
| 801 | 0 | @aCN@b百万庄@c20211007 |
| 905 | @b1307590-92@dF740.44@e212@f3 | |
| 新编外贸单证实训教程=Documents practice for foreign trade/朱春兰,佘雪锋主编.-杭州:浙江大学出版社,2020.12 |
| 226页;26cm |
| 浙江省普通高校“十三五”新形态教材 国际贸易系列教材 |
| ISBN 978-7-308-19427-3:CNY45.00 |
| 本书分为两个模块,内容包括:信用证条款分析、信用证审核与修改、商业发票填制、装箱单填制、保险单据填制、原产地证书填制等。 |
| ● |
| 相关链接 |
|
|
|
|
正题名:新编外贸单证实训教程
索取号:F740.44/212
 
预约/预借
| 序号 | 登录号 | 条形码 | 馆藏地/架位号 | 状态 | 备注 |
| 1 | 1307590 | 213075900 | 第一样本阅览室/ [索取号:F740.44/212] | 在馆 | |
| 2 | 1307591 | 213075919 | 第一借阅区/ [索取号:F740.44/212] | 在馆 | |
| 3 | 1307592 | 213075928 | 第一借阅区/ [索取号:F740.44/212] | 在馆 |